000 00337nam a22001337a 4500
020 _a9788176222631
082 _a637.1
_bPAN/PR
100 _aPandey Rajendra Kumar
_9337
245 _aProduction, Processing and Marketing of Milk and Milk Products
250 _a1
260 _aDelhi
_bBiotech Books
_c2013
300 _a223
942 _cBK
999 _c14259
_d14259